000 00491nam a2200181Ia 4500
003 GCL
008 140319s9999 xx 000 0 ara d
040 _aGCL /
_cGCL
082 0 4 _a400.1
_bك ع
100 1 _aكمال محمد بشر
245 1 0 _aعلم اللغة الاجتماعى :المدخل /
_cكمال محمد بشر
300 _a301 ص
490 _a
650 0 4 _aالفلسفة
650 0 4 _aاللغة العربية
650 0 4 _aعلم الكلام
942 _2ddc
_cBK
999 _c44359
_d44359